Влияние концентрации наночастиц никеля на корнеобразование; Научная инициатива иностранных студентов и аспирантов

Podrobná bibliografie
Parent link:Научная инициатива иностранных студентов и аспирантов.— 2023.— С. 572-576
Hlavní autor: Хэ Яньни
Korporativní autor: Национальный исследовательский Томский политехнический университет (570)
Další autoři: Годымчук А. Ю. Анна Юрьевна (научный руководитель), Куровский А. В. Александр Васильевич
Shrnutí:Текстовый файл
Jazyk:ruština
Vydáno: 2023
Témata:
On-line přístup:http://earchive.tpu.ru/handle/11683/80395
Médium: MixedMaterials Elektronický zdroj Kapitola
KOHA link:https://koha.lib.tpu.ru/cgi-bin/koha/opac-detail.pl?biblionumber=671454

MARC

LEADER 00000naa2a2200000 4500
001 671454
005 20240806134059.0
090 |a 671454 
100 |a 20240314d2024 k||y0rusy50 ca 
101 0 |a rus 
102 |a RU 
135 |a drcn ---uucaa 
200 1 |a Влияние концентрации наночастиц никеля на корнеобразование  |f Хэ Яньни , Годымчук А. Ю. , Куровский А. В.  |g науч. рук. Годымчук А. Ю. , Куровский А. В. ; Национальный исследовательский Томский политехнический университет 
320 |a Библиогр.: с. 575-576 
336 |a Текстовый файл 
463 |0 669745  |9 669745  |a Национальный исследовательский Томский политехнический университет, Школа общественных наук  |c Томск  |d 2023  |n Изд-во ТПУ  |o сборник докладов III Международной научно-практической конференции, Томск, 25-27 апреля 2023 г.  |p 1 файл (13,5 Mb, 692 с.)  |t Научная инициатива иностранных студентов и аспирантов  |u conference_tpu-2023-C19.pdf  |v С. 572-576 
610 1 |a электронный ресурс 
610 1 |a труды учёных ТПУ 
610 1 |a катализаторы 
610 1 |a корнеобразование 
610 1 |a пшеница 
610 1 |a эксперимент 
700 0 |a Хэ Яньни 
701 1 |a Годымчук  |b А. Ю.  |c специалист в области нанотехнологий и наноматериалов  |c доцент Томского политехнического университета, кандидат технических наук  |f 1978-  |g Анна Юрьевна 
701 1 |a Куровский  |b А. В.  |c биолог  |c доцент Томского политехнического университета, кандидат биологических наук  |f 1968-  |g Александр Васильевич 
702 1 |a Годымчук  |b А. Ю.  |c специалист в области нанотехнологий и наноматериалов  |c доцент Томского политехнического университета, кандидат технических наук  |f 1978-  |g Анна Юрьевна  |4 727 
702 1 |a Куровский  |b А. В.  |c биолог  |c доцент Томского политехнического университета, кандидат биологических наук  |f 1968-  |g Александр Васильевич  |4 727 
712 0 2 |a Национальный исследовательский Томский политехнический университет  |c (2009- )  |9 26305  |4 570 
801 0 |a RU  |b 63413507  |c 20240314  |g RCR 
856 4 |u http://earchive.tpu.ru/handle/11683/80395  |z http://earchive.tpu.ru/handle/11683/80395 
942 |c CF